| 000 | 00521cam a2200205ua 4500 | ||
|---|---|---|---|
| 001 | 8208 | ||
| 005 | 20260515114315.0 | ||
| 008 | 150113n ii |||gr||||Z||||||hin | ||
| 040 | _cMAIN | ||
| 041 | _ahin | ||
| 082 | _a891.433 | ||
| 100 |
_aSingh, A., _eAuthor. |
||
| 245 |
_aJainendra ke upanyash me nari ki parikalpana _cBy Annapurna Singh |
||
| 250 | _a1st. | ||
| 260 |
_aVaranasi: _bSanjay, _c1990. |
||
| 300 | _a198p. | ||
| 653 | _aEast Indo-European & Celtic literatures | ||
| 653 | _aHindi novels | ||
| 942 | _cBK | ||
| 999 |
_c7318 _d7318 |
||